000 00763nam a2200229 a 4500
001 BRCA_7368
005 20190320205818.0
008 070313s1951----mx-a######---#000-0#spa-#
041 _aspa
044 _amx
050 4 _aN6553
_b.R66 1951
100 1 _aRomero de Terreros y Vinent, Manuel
_cMarqués de San Francisco
_d1880-1968
_9903
245 1 0 _aEl arte en México durante el virreinato
_bresumen histórico
_cManuel Romero de Terreros.
260 _aMéxico
_bPorrúa
_c1951
300 _a159 p.
_bil., 150 láminas
500 _aNueva versión de la obra del mismo autor titulada ´Historia sintética del arte colonial´
500 _aQ60
650 1 4 _aArte
_xHistoria
_zMéxico
_9898
650 1 4 _aArte colonial
_97904
902 _aGFM
942 _2lcc
_cB
999 _c7044
_d7044